Современные методы аналитической химии: [учебник]; пер. с нем.

Dades bibliogràfiques
Autor principal: Отто М. Маттиас
Altres autors: Гармаш А. В. (переводчик)
Sumari:Аналитическая химия, будучи наукой междисциплинарной, включает в себя множество разнообразных методов, использующих различные химические, физические, а в последнее время — и биологические явления. Во втором издании известного учебника подробно рассмотрены современные методы математической обработки результатов химического анализа и наиболее актуальные проблемы аналитической химии — автоматизация анализа, анализ материалов, биологических объектов и объектов окружающей среды. Автор учебника сумел изложить разнообразные методы анализа — от классических до самых современных — с единых позиций, основанных на представлении об аналитическом процессе, как процедуре извлечения информации о веществе. Книга, безусловно, будет полезна студентам университетов, изучающим химию, и специалистам-химикам.
Idioma:rus
Publicat: Москва, Техносфера, 2006
Edició:2-е изд., испр.
Col·lecció:Мир химии 4-04
Matèries:
Format: MixedMaterials Llibre
KOHA link:https://koha.lib.tpu.ru/cgi-bin/koha/opac-detail.pl?biblionumber=117164

MARC

LEADER 00000nam0a2200000 4500
001 117164
005 20231101215400.0
010 |a 5948360725 
035 |a (RuTPU)RU\TPU\book\126807 
090 |a 117164 
100 |a 20070531d2006 m y0rusy50 ca 
101 1 |a rus  |c ger 
102 |a RU 
105 |a a j 001zy 
200 1 |a Современные методы аналитической химии  |e [учебник]  |e пер. с нем.  |f М. Отто 
205 |a 2-е изд., испр. 
210 |a Москва  |c Техносфера  |d 2006 
215 |a 544 с.  |c ил. 
225 1 |a Мир химии  |v 4-04 
320 |a Библиография в конце глав. 
320 |a Предметный указатель: с. 535-543. 
330 |a Аналитическая химия, будучи наукой междисциплинарной, включает в себя множество разнообразных методов, использующих различные химические, физические, а в последнее время — и биологические явления. Во втором издании известного учебника подробно рассмотрены современные методы математической обработки результатов химического анализа и наиболее актуальные проблемы аналитической химии — автоматизация анализа, анализ материалов, биологических объектов и объектов окружающей среды. Автор учебника сумел изложить разнообразные методы анализа — от классических до самых современных — с единых позиций, основанных на представлении об аналитическом процессе, как процедуре извлечения информации о веществе. Книга, безусловно, будет полезна студентам университетов, изучающим химию, и специалистам-химикам. 
451 1 |0 (RuTPU)RU\TPU\book\168098  |y 978-5-94836-192-5  |t Современные методы аналитической химии  |f М. Отто  |g пер. с нем. под ред. А. В. Гармаша  |e 3-е изд.  |c М.  |n Техносфера  |d 2008  |d 2003  |d 2004  |p 543 с.  |a Отто, Маттиас 
451 1 |0 (RuTPU)RU\TPU\book\62939  |y 5-94836-014-8  |t Т. 1  |p 416 с. 
451 1 |0 (RuTPU)RU\TPU\book\76864  |y 5-94836-017-2  |t Т. 2  |p 281 с.  |s Мир химии ; IV-08 
606 1 |a Аналитическая химия  |2 stltpush  |3 (RuTPU)RU\TPU\subj\67454  |9 83247 
610 1 |a учебники 
610 1 |a современные методы 
610 1 |a химический анализ 
610 1 |a классические методы 
610 1 |a спектроскопические методы 
610 1 |a электрохимические методы 
610 1 |a хроматографические методы 
610 1 |a хемометрика 
610 1 |a производственный анализ 
610 1 |a автоматизация 
610 1 |a оптоволоконные химические сенсоры 
610 1 |a биосенсоры 
675 |a 543(075.8)  |v 3 
700 1 |a Отто  |b М.  |g Маттиас 
702 1 |a Гармаш  |b А. В.  |4 730 
801 1 |a RU  |b 63413507  |c 20070531  |g PSBO 
801 2 |a RU  |b 63413507  |c 20221202  |g PSBO 
942 |c BK 
959 |a 46/20070529  |d 2  |e 370,00  |f АНЛ:1  |f ЧЗТЛ:1